Толковый словарь по вычислительным системам: пер. с англ.

গ্রন্থ-পঞ্জীর বিবরন
অন্যান্য লেখক: Масловский Е. К. (редактор)
ভাষা:রুশ
প্রকাশিত: Москва, Машиностроение, 1989
বিষয়গুলি:
বিন্যাস: গ্রন্থ
KOHA link:https://koha.lib.tpu.ru/cgi-bin/koha/opac-detail.pl?biblionumber=378137

MARC

LEADER 00000nam0a2200000 4500
001 378137
005 20231101054345.0
010 |a 521700617X 
035 |a (RuTPU)RU\TPU\retro\35592 
035 |a RU\TPU\book\80942 
090 |a 378137 
100 |a 20230516d1989 km y0rusy50 ca 
101 1 |a rus  |c eng 
102 |a RU 
105 |a a e 001zy 
200 1 |a Толковый словарь по вычислительным системам  |e пер. с англ.  |f под ред. Е. К. Масловского 
210 |a Москва  |c Машиностроение  |d 1989 
215 |a 568 с.  |c ил. 
320 |a Указатель терминов: с. 530-567. 
610 1 |a вычислительная техника 
610 1 |a вычислительные системы 
610 1 |a словари 
610 1 |a толковые словари 
610 1 |a термины 
675 |a 681.324(038)  |v 3 
702 1 |a Масловский  |b Е. К.  |4 340 
801 1 |a RU  |b 63413507  |c 20050404  |g PSBO 
801 2 |a RU  |b 63413507  |c 20230516  |g PSBO 
942 |c BK